| 000 | 01005cam a2200265u 4500 | ||
|---|---|---|---|
| 001 | 6469125 | ||
| 005 | 20080627161052.0 | ||
| 008 | 830302s1946 pauabc |r 001 0 eng d | ||
| 010 | _a 46002845 | ||
| 040 |
_aDLC _cCarP _dDLC |
||
| 043 | _aa-is--- | ||
| 050 | 0 | 0 |
_aDS110.J6 _bG55 |
| 082 |
_a220.91 _222 _bGLU |
||
| 100 | 1 |
_aGlueck, Nelson, _d1900- _910808 |
|
| 245 | 0 | 4 |
_aThe River Jordan, Being an Illustrated Account of Earth's Most Storied River/ _cBy Nelson Glueck |
| 260 |
_aPhiladelphia: _bThe Westminster press, 1946 _c1946 |
||
| 300 |
_a 268 p.: _bincl. front., illus. (incl. ports., map); _c24 cm. |
||
| 500 | _aDonated by: Alaa Abdel Ghany | ||
| 500 | _aIncludes indexes | ||
| 630 | 0 | 0 |
_aBible _xGeography. _910809 |
| 651 | 0 |
_aJordan River. _910810 |
|
| 651 | 0 |
_aPalestine _xDescription and travel. _910811 |
|
| 942 |
_2ddc _cBB |
||
| 999 |
_c13241 _d13241 |
||